Name the Joker Out music video - Statistics

General Stats
  • This quiz has been taken 313 times
  • The average score is 10 of 11
Answer Stats
Picture Answer % Correct
Demoni
100%
Carpe diem
98%
Barve oceana
97%
Katrina
95%
Umazane misli
95%
A sem ti povedal
92%
Vem da gres
90%
New wave
86%
Gola
81%
Omamljeno telo
79%
Sunny side of London
64%
No matching quizzes found
Score Distribution
Percent of People with Each Score
Percentile by Number Answered
Your Score History
You have not taken this quiz